| 000 | 00982cam a2200157ua 4500 | ||
|---|---|---|---|
| 041 |
_aeng _h |
||
| 082 |
_a666.9 _bIND/IN |
||
| 110 | 1 |
_aIndian standards institution . _bISI _c() |
|
| 245 |
_aIndian standard glossary of terms relating to cement concrete: Miscellaneous, IS:6461-1973 / _cIndian standards institution. _hTextual Documents |
||
| 250 |
_a1 / _b. |
||
| 260 |
_aNew Delhi : _bIndian standards institution , _c1973. |
||
| 300 | _a24 ; . | ||
| 504 | _a | ||
| 942 | _cBK | ||
| 999 |
_c10337 _d10337 |
||